000 00712nam a2200229 i 4500
001 115074
003 ES-MaACL
005 20250707062603.0
007 t|
008 070221s1907 sp ||||1| spa d
080 _a821.134.2-32"19"
100 1 _aCatarineu, Ricardo J.
_937049
245 1 0 _aAlmas errantes
_b: novela /
_cpor Ricardo J. Catarineu ; ilustraciones de E. Estevan.
260 _aMadrid :
_bEl Cuento Semanal,
_c1907.
300 _a20 p. :
_bil. col. y n. ;
_c26 cm.
490 1 _aEl cuento semanal ;
_v35
500 _aSin cubierta.
700 1 _aEstevan, Enrique,
_d1849-1927
_948126
830 0 3 _aEl cuento semanal
_v35
_9185957
852 _aES-MaACL
_jG-4440(9)
999 _c115074
_d115074